00588nam a22001817a 450000500170000001000130001702000260003003500130005603700100006908200060007910000200008524500830010526000480018827000800023630000200031649000490033670000210038520240724164200.0 aB-760110 a9788123779591c120.00 aB-760110 bGift  aS aAgarwal, Yatish aThe strange thermometer and other stories /cby Yatish agarwal & Rekha agarwal aNew DelhibNational Book Trust, Indiac2022 aNehru Bhawan, 5 Institutional Area, Phase-II Vasant KunjbNew Delhie110070 a94p.c24cm(pbk) aFascinating tales from the world of medicine aAagarwal ,Rekha